El amor de Jesús en el alma de Santa Teresita (Record no. 46254)

MARC details
000 -LEADER
campo de control de longitud fija 00728nam a2200217 i 4500
001 - NÚMERO DE CONTROL
campo de control 46254
003 - IDENTIFICADOR DE NÚMERO DE CONTROL
campo de control ES-MaACL
005 - FECHA Y HORA DE LA ÚLTIMA TRANSACCIÓN
campo de control 20250808062529.0
007 - CAMPO FIJO DE DESCRIPCIÓN FÍSICA--INFORMACIÓN GENERAL
campo de control de longitud fija t|
008 - DATOS DE LONGITUD FIJA--INFORMACIÓN GENERAL
campo de control de longitud fija 030328s1953 sp ||||1| spa d
100 1# - ENTRADA PRINCIPAL--NOMBRE DE PERSONA
Nombre de persona Combes, André.
9 (RLIN) 39969
245 13 - MENCIÓN DEL TÍTULO
Título El amor de Jesús en el alma de Santa Teresita
Resto del título : (siguiendo sus pasos) /
Mención de responsabilidad, etc. André Combes ; versión española de Julio Belloso de Francisco.
260 ## - PUBLICACIÓN, DISTRIBUCIÓN, ETC.
Lugar de publicación, distribución, etc. San Sebastián :
Nombre del editor, distribuidor, etc. Dinor,
Fecha de publicación, distribución, etc. 1953 (
Fabricante Imp. Industrial)
300 ## - DESCRIPCIÓN FÍSICA
Extensión 186 p. ;
Dimensiones 19 cm.
490 1# - MENCIÓN DE SERIE
Mención de serie Prisma
600 04 - PUNTO DE ACCESO ADICIONAL DE MATERIA--NOMBRE DE PERSONA
Nombre de persona Teresa del Niño Jesús,
Títulos y otros términos asociados al nombre Santa
9 (RLIN) 109739
700 1# - ENTRADA AGREGADA--NOMBRE PERSONAL
Nombre de persona Belloso de Francisco, Julio.
9 (RLIN) 27274
830 00 - PUNTO DE ACCESO ADICIONAL DE SERIE-TÍTULO UNIFORME
Título uniforme Prisma
9 (RLIN) 180749
852 ## - LOCALIZACIÓN
Ubicación ES-MaACL
Número de control de estantería C-6488
Sublocalización o colección R.35617
Holdings
Estatus retirado Estado de pérdida Estado de daño No para préstamo Biblioteca de origen Biblioteca actual Ubicación en estantería Fecha de adquisición Fuente de adquisición Total de préstamos Signatura topográfica completa Código de barras Visto por última vez Precio de reemplazo Tipo de ítem Koha
        Biblioteca del Ateneo de Madrid Biblioteca del Ateneo de Madrid Sala Palomar 17/01/2008     C-6488 1048651 23/02/2023 23/02/2023 Libro impreso